00785 a2200205 4500010001400000020002300014035001300037037001600050082001200066090001500078245012600093260004600219270006300265300002700328490002800355700002100383942002700404999001500431952013300446 aENG-88825 c695.00a0195690753 aEN-72358 bDBAD / PUB14a338.954 c9491d94911 aThe political economy of trade, finance and development :cedited by N.S.S. Narayanabselected essays of T.N. Srinivasan/ aNew DelhibOxford University Pressc2007 aYMCA Library Building, Jai Singh RoadbNew Delhie110 001 axiv, 502p.:c22cm (Hb) aOxford collected essays aNarayana, N.S.S. adplcENk338.954 / SRI c9317d9317 00102ddc40718NFICaDBADbDBADeDBAD/PUBg695.00l0o338.954pEN-72358r2008-09-15 00:00:00t1u10293v695.00w2008-09-15yEN